000 00477nam a2200169Ia 4500
005 20250328092131.0
008 231217s9999 xx 000 0 und d
020 _a9788177588873
082 _a621.38153 BOG;1 R
100 _aBogart, Theodore F. Bearly, Jeffrey S. Rico, Guillermo.
245 0 _aElectronic devices and circuits
250 _a6th ed.
260 _c2004
_bDorling Kindersley
_aNew Delhi
300 _aXi, 877
650 _adevices,circuits
942 _cAA
999 _c188186
_d188186